[Event "Nassau-ch"]
[Site "Nassau"]
[Date "2009.10.19"]
[Round "1"]
[White "Parascandolo, Andrew"]
[Black "Slyper, Andrew J"]
[Result "1-0"]
[WhiteElo "1953"]
[BlackElo "1696"]
[PlyCount "27"]
[EventDate "2009.10.19"]
[EventType "swiss"]
[EventRounds "10"]
[EventCountry "USA"]
[SourceTitle "EXT 2011"]
[Source "ChessBase"]
[SourceDate "2010.11.26"]
[SourceVersion "1"]
[SourceVersionDate "2010.11.26"]
[SourceQuality "1"]

1. d4 d5 2. c4 e6 3. Nc3 Nf6 4. Bg5 Be7 5. cxd5 exd5 6. e3 c6 7. Bd3 Bg4 8. f3 Bh5 9. Nge2 Nbd7 10. 0-0 0-0 11. a3 Qc7 12. Rc1 Bd6 13. Bf4 Rae8 14. Nb5 1-0

[Event "Nassau CC-ch"]
[Site "Mineola"]
[Date "2008.12.08"]
[Round "8"]
[White "Kaplan, Ivan"]
[Black "Slyper, Andrew J"]
[Result "1-0"]
[WhiteElo "1703"]
[BlackElo "1618"]
[PlyCount "113"]
[EventDate "2008.10.20"]
[EventType "swiss"]
[EventRounds "10"]
[EventCountry "USA"]
[SourceTitle "EXT 2010"]
[Source "ChessBase"]
[SourceDate "2010.11.25"]
[SourceVersion "1"]
[SourceVersionDate "2010.11.25"]
[SourceQuality "1"]

1. d4 Nf6 2. c4 e6 3. Nc3 d5 4. f3 c5 5. cxd5 cxd4 6. Qxd4 Nc6 7. Qa4 Nxd5 8. Nxd5 Qxd5 9. Bd2 Be7 10. e4 Qd4 11. Qxd4 Nxd4 12. 0-0-0 0-0 13. Bc3 Nc6 14. Bb5 a6 15. Bxc6 bxc6 16. Ne2 c5 17. Ba5 Ra7 18. Rd3 Rd7 19. Rhd1 Bd8 20. Rxd7 Bxd7 21. Rxd7 Bxa5 22. Ra7 Rc8 23. Rxa6 Bd8 24. Nc3 Kf8 25. Kc2 g6 26. a4 c4 27. Nb5 Be7 28. Nd4 Bf6 29. Rc6 Rd8 30. Nb5 Bxb2 31. Kxb2 Rd2+ 32. Kb1 Rxg2 33. a5 Rxh2 34. a6 Rh1+ 35. Kb2 Rh2+ 36. Ka3 Rh1 37. a7 Ra1+ 38. Kb2 Rxa7 39. Nxa7 Kg7 40. Rxc4 Kf6 41. Kc2 h5 42. Kd2 Kg5 43. Ke2 e5 44. Nc6 f6 45. Kf2 Kf4 46. Nb4 h4 47. Nd5+ Kg5 48. Rc1 f5 49. Rg1+ Kh6 50. Ne7 fxe4 51. Rxg6+ Kh5 52. fxe4 h3 53. Kg1 Kh4 54. Kh2 Kh5 55. Re6 Kg4 56. Rxe5 Kf4 57. Nc6 1-0

[Event "Nassau CC-ch"]
[Site "Mineola"]
[Date "2008.11.24"]
[Round "6"]
[White "Slyper, Andrew J"]
[Black "Bellon, Neal"]
[Result "0-1"]
[WhiteElo "1618"]
[BlackElo "1627"]
[PlyCount "78"]
[EventDate "2008.10.20"]
[EventType "swiss"]
[EventRounds "10"]
[EventCountry "USA"]
[SourceTitle "EXT 2010"]
[Source "ChessBase"]
[SourceDate "2010.11.25"]
[SourceVersion "1"]
[SourceVersionDate "2010.11.25"]
[SourceQuality "1"]

1. d4 Nf6 2. c4 e6 3. Nf3 b6 4. g3 Bb7 5. Bg2 Be7 6. 0-0 0-0 7. Nc3 Ne4 8. Nxe4 Bxe4 9. Ne1 Bxg2 10. Nxg2 d5 11. cxd5 Qxd5 12. Nf4 Qb7 13. Qc2 Nd7 14. Bd2 c5 15. dxc5 Bxc5 16. Rfd1 Rac8 17. Qb3 Be7 18. Bc3 Nc5 19. Qc2 Ne4 20. Qb3 Nxc3 21. bxc3 Bf6 22. Rd3 Rfd8 23. Rad1 Rxd3 24. Rxd3 Qc7 25. Nxe6 fxe6 26. Qxe6+ Kh8 27. Rd7 Qe5 28. Qxe5 Bxe5 29. Rxa7 Bxc3 30. Rd7 h6 31. Kg2 Ba5 32. Rd4 Rc2 33. Rd8+ Kh7 34. Re8 Rxa2 35. Kh3 Bb4 36. f4 Bc5 37. e4 Re2 38. e5 b5 39. f5 b4 0-1

[Event "Nassau CC-ch"]
[Site "Mineola"]
[Date "2008.11.17"]
[Round "5"]
[White "Slyper, Andrew J"]
[Black "Mennella, James J"]
[Result "0-1"]
[WhiteElo "1618"]
[BlackElo "2000"]
[PlyCount "132"]
[EventDate "2008.10.20"]
[EventType "swiss"]
[EventRounds "10"]
[EventCountry "USA"]
[SourceTitle "EXT 2010"]
[Source "ChessBase"]
[SourceDate "2010.11.25"]
[SourceVersion "1"]
[SourceVersionDate "2010.11.25"]
[SourceQuality "1"]

1. d4 d5 2. c4 e6 3. Nf3 Nf6 4. Bg5 Be7 5. Nc3 0-0 6. e3 h6 7. Bh4 Ne4 8. Bxe7 Qxe7 9. Nxe4 dxe4 10. Nd2 e5 11. dxe5 Qxe5 12. Qc2 Bf5 13. Be2 Nc6 14. a3 Rad8 15. 0-0 Rd6 16. Rfd1 Rg6 17. g3 Re8 18. Nb3 Be6 19. Nd4 Nxd4 20. Rxd4 Bf5 21. Rd5 Qe6 22. Rad1 c6 23. R5d4 Qe5 24. c5 Rge6 25. R1d2 R6e7 26. b4 a6 27. Qd1 Be6 28. Bc4 Bxc4 29. Rxc4 Qf5 30. Rcd4 Qh3 31. Rd8 Rxd8 32. Rxd8+ Kh7 33. Qd6 Re6 34. Qc7 Qf5 35. Qxb7 Rf6 36. Rd2 Qe5 37. Qxa6 Qc3 38. Qe2 Qxa3 39. Rb2 Rf5 40. Kg2 Rd5 41. Qc2 Rd3 42. Ra2 Qxb4 43. Ra4 Qc3 44. Rc4 Qxc2 45. Rxc2 Rd5 46. h4 Kg6 47. Kh2 Kf5 48. Kh3 h5 49. Kg2 Kg4 50. Rc4 Kf5 51. Rc2 Ke5 52. Kf1 g6 53. Kg2 f6 54. Kh2 g5 55. hxg5 fxg5 56. Kg2 Rd1 57. Kh2 Kd5 58. Kg2 Rb1 59. Kh2 Rb4 60. Kg2 Rc4 61. Rxc4 Kxc4 62. f4 exf3+ 63. Kxf3 Kxc5 64. Ke4 Kd6 65. Kd4 h4 66. gxh4 gxh4 0-1